000 01006nam a2200277 i 4500
001 000031334
003 DO-SdBNP
005 20231128072134.0
007 ta
008 110620s1984 mx abo 000 0 spa d
040 _aDO-SdBNP
_bspa
_cBNPHU
_erda
082 _bP438r
_222
100 _aPérez Montás, Eugenio
_d1933-
_919115
245 1 0 _aRepública Dominicana :
_bmonumentos históricos y arqueológicos /
_cEugenio Pérez Montas.
264 1 _aMexico :
_bInstituto Panamericano de Geografía e Historia,
_c1984.
300 _a553 páginas
_bilustraciones, mapas, rfotografías
_c23 cm.
336 _2rdacontent
_atexto
_btxt
337 _2rdamedia
_asin mediación
_bn
338 _2rdacarrier
_avolumen
_bnc
490 1 _aInstituto Panamericano de Geografía e Historia
_v380
490 1 _aMonumentos históricos y arqueológicos
_v18
504 _aIncluye referencias bibliográficas y notas al pie de las páginas
590 _aInventariado, 2023/ YL
910 _aYLockward
942 _2ddc
_cLBS1
999 _c30826
_d30826